000 01466nam a22003617a 4500
003 CHAP
005 20220329143923.0
008 270812s2012 mx r 00010 spa d
010 _a103754
011 _a104726
035 _a115416
040 _cCHAP
090 _aTesis
100 1 _aGuiza Rodríguez, Sonia Jehovanna.
_951442
245 1 0 _aIdentificación de especies insectiles de importancia médico legal, Chimalhuacán y Texcoco, Edo. de México
_h[En línea]
_c/por Sonia Jehovanna Guiza Rodríguez
260 _aChapingo, Méx. :
_bEl autor,
_c2012
500 _aPara ver el contenido del material haga clic en la liga
502 _aTesis (Ing. Agrónomo Especialista en Parasitología Agrícola) -- UACH. Departamento de Parasitología Agrícola
590 _aALEPH
_b10
_c20130110
_lUCH01
_h1546
590 _aBATCH-UPD
_b10
_c20130110
_lUCH01
_h1849
590 _aBATCH-UPD
_b10
_c20130410
_lUCH01
_h1029
590 _aBATCH-UPD
_b10
_c20130914
_lUCH01
_h0415
590 _aBATCH-UPD
_b10
_c20140324
_lUCH01
_h1532
590 _aBATCH-UPD
_b10
_c20141002
_lUCH01
_h0854
590 _aCONVERSION
_b10
_c20130109
_lUCH01
_h1357
650 0 4 _aArtrópodos.
_97782
650 0 4 _aEntomología médica.
_937152
856 _3Finding aid
_uhttp://10.13.5.2/tesis/115416.pdf
_zTeclea aqui
901 _aBK
942 _cFOLL
949 _aTesis
_bBC
_cTES
_d33724002342298
_eTS1
_h53826
_i115416
_st
949 _aTesis
_bBC
_cTES
_d33724002342330
_eTS2
_fc.2
_h53827
_i115416
_st
999 _c103754
_d103754